00785nam a22002057a 4500003000400000008004100004020001800045082002000063100002100083245010000104250001300204260003700217300001600254650003500270650002800305650004400333942001200377999001700389952017300406OSt260627b |||||||| |||| 00| 0 eng d a9781041038658 a519.50285bS74P aSpeegle, Darrin  aProbability, Statistics, and Data : A Fresh Approach Using R/ by Darrin Speegle and Bryan Clair a1st. ed. aBoca Raton :bCRC Press, c2025. axii, 500 p. aNatural sciences & mathematics aMathematical statistics aComputer applications / Data processing 2ddccBK c52379d52379 00102ddc4070aRAUbRAUcGENd2026-06-27eToday & Tomorrow Printers and Publishers g1995.00l0o519.50285 S74Pp87613r2026-06-27w2026-01-29yBKkBill No. IN-00449